Evaluación de riesgos laborales en la empresa Soluciones Técnicas Integrales para la industria, Sociedad Anónima SOLTIINSA

La presente investigación comprende una evaluación de riesgos laborales en la Empresa Soluciones Técnicas Integrales para la Industria, Sociedad Anónima (SOLTIINSA) con la finalidad de conocer el ambiente de trabajo, las debilidades y Oportunidades de mejora en materia de seguridad para la empre...

Full description

Bibliographic Details
Main Authors: Guerrero Largaespada, Anielka Mercedes, Moreno Marenco, Jaime Adán, Cárdenas Villalobos, Sandra
Other Authors: Tutor: Vílchez Torres, Marcos Luis
Format: Tesis Section = Libro
Language:Undetermined
Spanish
Published: Managua UNI 2020
Subjects:
LEADER 01250nam a2200265Ia 4500
008 240830s9999 xx 000 0 und d
040 |a BIBLIOTECA-RUPAP Mon 363.11 G934 
041 |a spa 
082 |a Mon 363.11 G934 
100 1 |a Guerrero Largaespada, Anielka Mercedes 
100 1 |b Moreno Marenco, Jaime Adán 
100 1 |c Cárdenas Villalobos, Sandra 
245 1 0 |a Evaluación de riesgos laborales en la empresa Soluciones Técnicas Integrales para la industria, Sociedad Anónima SOLTIINSA 
260 |a Managua  |b UNI  |c 2020 
300 |a 140 p. :il. 
500 |a Contiene: anexos y CD. 
502 |a Tesis (Ingeniero Industrial) - UNI, 2020. 
520 3 |a La presente investigación comprende una evaluación de riesgos laborales en la Empresa Soluciones Técnicas Integrales para la Industria, Sociedad Anónima (SOLTIINSA) con la finalidad de conocer el ambiente de trabajo, las debilidades y Oportunidades de mejora en materia de seguridad para la empresa. 
650 7 |a SEGURIDAD OCUPACIONAL 
650 7 |b  SEGURIDAD INDUSTRIAL 3.RIESGOS LABORALES-PREVENCION 
650 7 |c  ACCIDENTES DE TRABAJO5. ENFERMEDAD PROFESIONAL. 
700 1 |a Tutor:  |b Vílchez Torres, Marcos Luis 
942 |c BK  |2 ddc 
991 |a TESIS 
999 |c 18915